Behavioural Macroeconomics: Unveiling the Psychology of Inflation Expectations
Tento článok skúma interakcie medzi behaviorálnou ekonómiou a makroekonómiou s dôrazom na psychológiu inflačných očakávaní. Kritizujeme hypotézu racionálnych očakávaní (REH) a navrhujeme perspektívy pre behaviorálnu makroekonómiu. V empirickej časti skúmame vzťah medzi inflačnými očakávaniami a reál...
Guardado en:
| Autor principal: | |
|---|---|
| Formato: | Capítulo de libro |
| Lenguaje: | inglés |
| Materias: | |
| Etiquetas: |
Sin Etiquetas, Sea el primero en etiquetar este registro!
|
MARC
| LEADER | 00000naa$a2200000$$$4500 | ||
|---|---|---|---|
| 001 | 0304166 | ||
| 005 | 20240927135655.4 | ||
| 041 | 0 | |a eng | |
| 044 | |a HU | ||
| 245 | 1 | 0 | |a Behavioural Macroeconomics: Unveiling the Psychology of Inflation Expectations |c Eva Sirakovová |
| 520 | |a Tento článok skúma interakcie medzi behaviorálnou ekonómiou a makroekonómiou s dôrazom na psychológiu inflačných očakávaní. Kritizujeme hypotézu racionálnych očakávaní (REH) a navrhujeme perspektívy pre behaviorálnu makroekonómiu. V empirickej časti skúmame vzťah medzi inflačnými očakávaniami a reálnou infláciou, pričom ukazujeme rôzne vzorce v rozložení očakávanej inflácie medzi sledované krajiny – Európsku úniu a Spojené štáty americké. | ||
| 610 | 2 | 0 | |a makroekonomika |
| 610 | 2 | 0 | |a behaviorizmus |
| 610 | 2 | 0 | |a inflácia |
| 610 | 2 | 0 | |a psychológia |
| 610 | 2 | 0 | |a psychológia ekonomická |
| 610 | 2 | 0 | |a Európska únia |
| 610 | 2 | 0 | |a USA |
| 100 | 1 | |a Sirakovová, Eva, 1994- | |